00756nam a2200241uu 4500001000800000005001700008008004100025035001200066040001300078041000800091082000800099100004400107245011400151260003500265300001700300650001300317650003300330650002100363650001700384650002100401700004600422700004600468139474820260508085552.0141209e20011209 ||||||m| spa  a1394748 ccomduadb aspa 4a62810aUribe Bolivar, Luisa Fernando4auteaut10aPlan de manejo ambiental zona industrial. Comercializadora Internacional Unión de Bananeros de Urabá S.A. aMedellín :bAutor(a),c2001. a111 h. : il. aUnibán aManejo de residuos sólidos aManejo ambiental aUso del agua aFincas bananeras10aCorrea Ochoa, Mauricio Andrés4thseths10aSalazar Ardila, Mauricio Adolfo4thseths